| 000 | 00679nam a2200217 i 4500 | ||
|---|---|---|---|
| 001 | 136801 | ||
| 003 | ES-MaACL | ||
| 005 | 20250317132157.0 | ||
| 007 | t| | ||
| 008 | 070214s1984 sp r ||||1| spa d | ||
| 100 | 1 |
_aSaiz Valdivieso, Alfonso Carlos. _9101629 |
|
| 245 | 1 | 0 |
_aIndalecio Prieto _b: crónica de un corazón / _cAlfonso Carlos Saiz Valdivieso. |
| 250 | _a1ª ed. | ||
| 260 |
_aBarcelona : _bPlaneta, _c1984. |
||
| 300 |
_a274 p. : _bil. ; _c24 cm. |
||
| 490 | 1 |
_aEspejo de España ; _v99 |
|
| 600 | 1 | 4 |
_aPrieto, Indalecio, _d1883-1962 _993889 |
| 830 | 0 |
_aEspejo de España ; _v99 _9177692 |
|
| 852 |
_aES-MaACL _jL-6516 _bR.107214 |
||
| 999 |
_c136801 _d136801 |
||